| 000 | 00356nam a2200145Ia 4500 | ||
|---|---|---|---|
| 008 | 191201s1999 xx 000 0 und d | ||
| 082 |
_a621.382 _bKEE |
||
| 100 | _aKENNEDY, George | ||
| 245 | 0 | _aElectronic Communication Systems | |
| 250 | _a4th | ||
| 260 |
_aN.Delhi _bTata McGraw Hill _c1999 |
||
| 300 | _a763 | ||
| 650 | _aB.Tech(ECE) | ||
| 942 |
_2ddc _cBK |
||
| 999 |
_c3276 _d3276 |
||